Ekotoxikologický vplyv čierneho lúhu na vybrané druhy organizmov

Uložené v:
Podrobná bibliografia
Hlavný autor: Vojčíková, Kristína (Autor)
Ďalší autori: Zakhar, Ronald (Vedúci práce)
Médium: Rukopis Kniha
Jazyk:Slovak
Vydavateľské údaje: 2024
Predmet:
On-line prístup:http://is.stuba.sk/zp/portal_zp.pl?podrobnosti=162479
Tagy: Pridať tag
Žiadne tagy, Buďte prvý, kto otaguje tento záznam!

MARC

LEADER 00000ntm a22000003a 4500
001 stuzp99155
003 SK-STU
005 20240622210723.3
007 ta
008 150427s2015----xo-----f-mn---000-0-slo-d
040 |a STU  |b slo 
041 0 |a slo 
100 1 |a Vojčíková, Kristína  |u 046290  |4 aut  |U FCHPT Ústav chemického a environmentálneho inžinierstva  |T FCHPT Oddelenie environmentálneho inžinierstva  |X 110638  |U C6290  |Y 120  |7 110638 
242 0 1 |a Ecotoxicological Impact of Black Liquor on Selected Species of Organisms  |y eng 
245 1 0 |a Ekotoxikologický vplyv čierneho lúhu na vybrané druhy organizmov 
260 |c 2024 
650 4 |a aktivovaný kal  |2 slo 
650 4 |a čierny lúh  |2 slo 
650 4 |a respirometria  |2 slo 
650 4 |a testy toxicity  |2 slo 
650 4 |a black liquor  |2 eng 
650 4 |a respirometry  |2 eng 
650 4 |a activated sludge  |2 eng 
650 4 |a ecotoxicity bioassays  |2 eng 
700 1 |a Zakhar, Ronald  |u 046290  |k Z1  |4 ths  |U FCHPT Ústav chemického a environmentálneho inžinierstva  |T FCHPT Oddelenie environmentálneho inžinierstva  |X 69351  |U C6290  |Y 120  |7 A0000069351 
856 4 |u http://is.stuba.sk/zp/portal_zp.pl?podrobnosti=162479